000 00648nam a2200205Ia 4500
005 20250508162051.0
008 008 250505s9999 xx 000 0 eng d
020 _a0-335-06614-3
037 _aTextual
040 _aFEDL
_beng
_cFEDL
041 _aeng
_2eng
084 _a370.192, OPE
_qFEDL
245 0 _aManagement : Some cultural perspectives. Unit 13
260 _aKeynes
_bThe Open University Press
_c1976
300 _a66p.
546 _aThe open university educational studies : A third level course E321 management in education
650 _aEducation
942 _cTEXL
_h370.192, OPE
999 _c1374174
_d1374174